| 000 | 01096nac a22002651u 4500 | ||
|---|---|---|---|
| 010 | _a 2003053208 | ||
| 020 | _a1566635446 (alk. paper) | ||
| 082 | 0 | 0 |
_a371.822 _bTOO |
| 090 |
_c6874 _d6874 |
||
| 100 | _aTooley, James. | ||
| 245 | 1 | 4 |
_aThe miseducation of women / _cJames Tooley. |
| 260 |
_aChicago : _bI.R. Dee,2003 _cc2003. |
||
| 300 |
_axv, 258 p. ; _c23 cm. |
||
| 500 | _adistributer: Al-Ahram | ||
| 504 | _aIncludes bibliographical references (p. 247-258) and index. | ||
| 511 | _acatalogued by: wessam | ||
| 650 | 0 |
_aFeminism and education _zGreat Britain _xHistory. |
|
| 650 | 0 |
_aFeminism and education _zUnited States _xHistory. |
|
| 650 | 0 |
_aGender identity in education _zGreat Britain. |
|
| 650 | 0 |
_aGender identity in education _zUnited States. |
|
| 650 | 0 |
_aEducation _xSocial aspects _zGreat Britain _xHistory _y20th century. |
|
| 650 | 0 |
_aEducation _xSocial aspects _zUnited States _xHistory _y20th century. |
|
| 942 |
_cBB _k371.822TOO |
||
| 999 |
_c6874 _d6874 |
||